000 00634nam a2200265Ia 4500
005 20260121161402.0
008 008 260114s9999 xx 000 0 eng d
020 _a9780203182093
037 _aEBOOK
040 _aCRL
040 _beng
040 _cCRL
041 _2eng
041 _aeng
084 _qCRL
100 _aMigrancy, Culture, Identity
_91043944
245 0 _aIain Chambers
260 _bTaylor and Francis
260 _c1994
650 _aCultural Studies
_91043945
856 _uhttp://www.taylorfrancis.com/books/9780203182093
942 _cEBOOK
999 _c1610378
_d1610378